000
00244nam a2200097Ia 4500
005
20251222114416.0
008
251222s1900||||xx |||||||||||||| ||spa||
082
_a
DVD0010/P48/2000
245
0
_a
Una tormenta perfecta:The perfect storm
942
_c
DVD
999
_c
2221
_d
2221